000 00686nam a2200241Ia 4500
003 OSt
005 20220930184535.0
006 a|||||r|||| 00| 0
007 ta
008 220926b |||||||| |||| 00| 0 220926b |||||||| |||| 00| 0 tem d d
020 _c5.00
024 _a46279
037 _cTextbook
040 _aCRL
_cCRL
_btam
041 _2tam
_atam
082 _aV21:1:G, 31J6;K9
100 _aPandarathar Sadasiva Au.
245 0 _aPaandiar varalaaru
260 _aChennai
_bSaiva Siddhanta Publications India
_c1969
650 _aHISTORY
942 _hV21:1:G, 31J6;K9
_cTB
_2CC
999 _c888703
_d888703